000 00684nam a2200205Ia 4500
003 GCL
005 20240530102458.0
008 140319s9999 xx 000 0 ara d
040 _aGCL /
_cGCL
082 0 4 _a811.03
_bم ر
100 1 _aمحمد عبدالعزيز الموافى
245 1 0 _aرثاء الزوجة بين عزيز اباظة وعبدالرحمن صدقى /
_cمحمد عبدالعزيز الموافى
260 _a[S.N] :
_bدار الفكر العربى ،
_c1988
300 _a164 ص
650 0 4 _aالشعر العربى
650 0 4 _aالادب العربى
650 0 4 _aشعر الرثاء
650 0 4 _aدواوين وقصائد
942 _2ddc
_cBK
999 _c32542
_d32542